<?xml version="1.0" encoding="UTF-8"?>
<collection xmlns="http://www.loc.gov/MARC21/slim">
    <record>
        <controlfield tag="001">105491</controlfield>
        <controlfield tag="005">20210615090430.0</controlfield>
        <datafield tag="037" ind1=" " ind2=" ">
            <subfield code="a">GDOC-2020-63025</subfield>
        </datafield>
        <datafield tag="041" ind1=" " ind2=" ">
            <subfield code="a">spa</subfield>
        </datafield>
        <datafield tag="041" ind1=" " ind2=" ">
            <subfield code="a">eng</subfield>
        </datafield>
        <datafield tag="100" ind1=" " ind2=" ">
            <subfield code="0">(orcid)0000-0002-5904-8506</subfield>
            <subfield code="1">522555</subfield>
            <subfield code="a">Mónica Bueno, Fernández</subfield>
        </datafield>
        <datafield tag="245" ind1="0" ind2="0">
            <subfield code="9">63025</subfield>
            <subfield code="a">Estudio de la base química del aroma y sabor de los alimentos</subfield>
        </datafield>
        <datafield tag="242" ind1="0" ind2="0">
            <subfield code="9">63025</subfield>
            <subfield code="a">Study of the base chemical of food aroma and taste</subfield>
        </datafield>
        <datafield tag="260" ind1=" " ind2=" ">
            <subfield code="a">Zaragoza</subfield>
            <subfield code="b">Universidad de Zaragoza</subfield>
            <subfield code="c">2020-2021</subfield>
        </datafield>
        <datafield tag="521" ind1=" " ind2=" ">
            <subfield code="9">702</subfield>
            <subfield code="a">Máster Universitario en Calidad, Seguridad y Tecnología de los Alimentos</subfield>
            <subfield code="b">Master's in Food Quality, Safety and Technology</subfield>
        </datafield>
        <datafield tag="540" ind1=" " ind2=" ">
            <subfield code="a">by-nc-sa</subfield>
            <subfield code="b">Creative Commons</subfield>
            <subfield code="c">3.0</subfield>
            <subfield code="u">http://creativecommons.org/licenses/by-nc-sa/3.0/</subfield>
        </datafield>
        <datafield tag="700" ind1=" " ind2=" ">
            <subfield code="0">(orcid)0000-0003-1658-1770</subfield>
            <subfield code="1">109152</subfield>
            <subfield code="a">Ana María Escudero, Carra</subfield>
        </datafield>
        <datafield tag="700" ind1=" " ind2=" ">
            <subfield code="0">(orcid)0000-0002-4353-2483</subfield>
            <subfield code="1">134238</subfield>
            <subfield code="a">Vicente Ferreira, González</subfield>
        </datafield>
        <datafield tag="830" ind1=" " ind2=" ">
            <subfield code="9">566</subfield>
        </datafield>
        <datafield tag="856" ind1="4" ind2=" ">
            <subfield code="s">14202</subfield>
            <subfield code="u">http://zaguan.unizar.es/record/105491/files/guia-63025-es.pdf</subfield>
            <subfield code="y">Guía (idioma español)</subfield>
        </datafield>
        <datafield tag="856" ind1="4" ind2=" ">
            <subfield code="s">9989</subfield>
            <subfield code="u">http://zaguan.unizar.es/record/105491/files/guia-63025-en.pdf</subfield>
            <subfield code="y">Guide (english)</subfield>
        </datafield>
        <datafield tag="970" ind1=" " ind2=" ">
            <subfield code="a">GDOC-2020-63025</subfield>
        </datafield>
        <datafield tag="980" ind1=" " ind2=" ">
            <subfield code="a">GDOC</subfield>
            <subfield code="b">Sciences</subfield>
            <subfield code="b">Ciencias</subfield>
            <subfield code="c">105</subfield>
        </datafield>
    </record>

    
</collection>